header

Philosophy of science since Bacon (Record no. 38908)

MARC details
000 -LEADER
fixed length control field 01222nam a2200337Ia 4500
082 04 - DEWEY DECIMAL CLASSIFICATION NUMBER
Classification number 501
245 00 - TITLE STATEMENT
Title Philosophy of science since Bacon
260 ## - PUBLICATION, DISTRIBUTION, ETC. (IMPRINT)
Place of publication New York :
Name of publisher Nova Science Publishers,
Year of publication c2012.
300 ## - PHYSICAL DESCRIPTION
Number of Pages vi, 175 p.
490 0# - SERIES STATEMENT
Series statement World philosophy series
500 ## - GENERAL NOTE
General note Includes index.
650 #0 - SUBJECT ADDED ENTRY--TOPICAL TERM
Topical Term Science
Topical Term Philosophy.
700 1# - ADDED ENTRY--PERSONAL NAME
Personal name Raza, Ahmad,
856 40 - ELECTRONIC LOCATION AND ACCESS
Uniform Resource Identifier http://site.ebrary.com/lib/rucke/Doc?id=10726532

No items available.

© 2026 Rongo University
Contact us: librarian | system librarian | Rongo university